00897nam a22002417a 4500999001300000001000600013003000900019005001700028008004100045020001800086040002800104082002300132100002600155245012100181250001400302260005600316300003000372650006000402650004100462700001900503942001200522952012100534 c591d59118534BD-DhUAP20200125120141.0200125t20041972nyu b 000 0 eng d a9780141441252 aDLCcDLCdDLCdBD-DhUAP00a305.420941 WOL2231 aWollstonecraft, Mary.12aA vindication of the rights of woman /cMary Wollstonecraft ; edited with on introduction and notes by Miriam Brody. arev. ed.  aNew York :bPenguin Books,cc1972 [Reprinted 2004]. alxxx, 269 pages ;c20 cm. 0aWomenxSocial and moral questionsyEarly works to 1800. 0aWomen's rightsyEarly works to 1800. aBrody, Miriam. 2ddccBK 00102ddc4070aUAPCLbUAPCLcGeneral Stacksd2020-01-25o305.420941 WOLp3010018534r2020-01-25t1w2020-01-25yBK